Aplikácia finančnej analýzy v marketingu
Oblasti na ktoré sa zameriava finančná analýza v marketingu. Využitie finančných ukazovateľov v marketingu. Optimalizácia likvidity.
Na minha lista:
| Autor principal: | |
|---|---|
| Formato: | Capítulo de Livro |
| Idioma: | eslovaco |
| Assuntos: | |
| Tags: |
Sem tags, seja o primeiro a adicionar uma tag!
|
MARC
| LEADER | 00000naa$a2200000$$$4500 | ||
|---|---|---|---|
| 001 | 0063605 | ||
| 005 | 20231005085923.5 | ||
| 041 | 0 | |a slo | |
| 044 | |a SK | ||
| 245 | 1 | 0 | |a Aplikácia finančnej analýzy v marketingu |c Matúš Dzuro |
| 520 | |a Oblasti na ktoré sa zameriava finančná analýza v marketingu. Využitie finančných ukazovateľov v marketingu. Optimalizácia likvidity. | ||
| 610 | 2 | 0 | |a analýza finančná |
| 610 | 2 | 0 | |a marketing |
| 610 | 2 | 0 | |a ukazovatele finančné |
| 610 | 2 | 0 | |a likvidita |
| 610 | 2 | 0 | |a marketing manažment |
| 610 | 2 | 0 | |a konkurencia |
| 610 | 2 | 0 | |a výkonnosť |
| 100 | 1 | |a Dzuro, Matúš, 1983- | |